Dancing the seas / (Record no. 19717)
[ view plain ]
| 000 -LEADER | |
|---|---|
| fixed length control field | 00729nam a2200217Ia 4500 |
| 020 ## - INTERNATIONAL STANDARD BOOK NUMBER | |
| ISBN | 0439446155 |
| 020 ## - INTERNATIONAL STANDARD BOOK NUMBER | |
| ISBN | 9780439446150 |
| 040 ## - CATALOGING SOURCE | |
| Transcribing agency | BDX |
| 082 ## - DEWEY DECIMAL CLASSIFICATION NUMBER | |
| Classification number | 813 SCH 2001 A097 Or. |
| 100 1# - MAIN ENTRY--AUTHOR NAME | |
| Personal name | Baglio, Ben M. |
| 245 10 - TITLE STATEMENT | |
| Title | Dancing the seas / |
| 260 ## - PUBLICATION, DISTRIBUTION, ETC. (IMPRINT) | |
| Place of publication | New York : |
| Name of publisher | Scholastic Inc., |
| Year of publication | 2002, c2001. |
| 300 ## - PHYSICAL DESCRIPTION | |
| Number of Pages | 158 p. : |
| Other physical details | ill. ; |
| Dimensions | 20 cm. |
| 490 1# - SERIES STATEMENT | |
| Series statement | Dolphin diaries ; |
| 500 ## - GENERAL NOTE | |
| General note | "An Apple paperback." |
| 500 ## - GENERAL NOTE | |
| General note | "A Working Partners book--P.[4] of cover." |
| 520 ## - SUMMARY, ETC. | |
| Summary, etc | In the Marquesas Islands, Jody sees a large group of spotted and spinner dolphins. She meets Lew and Monique and sees the operation of a dolphin friendly tuna boat. |
| 650 #0 - SUBJECT ADDED ENTRY--TOPICAL TERM | |
| Topical Term | Dolphins |
| 700 1# - ADDED ENTRY--PERSONAL NAME | |
| Personal name | Lawton, Judith, |
| 942 ## - ADDED ENTRY ELEMENTS (KOHA) | |
| Koha item type | ADB |
| 952 ## - LOCATION AND ITEM INFORMATION (KOHA) | |
| Withdrawn status [LOCAL, KOHA] | 0 |
| Source of acquisition | Permanent Location | Date acquired | Koha item type | Lost status | Shelving location | Current Location | Full call number |
|---|---|---|---|---|---|---|---|
| a065621 | Library Block A | 2021-03-19 | ADB | A097 | Library Block A | 813 SCH 2001 A097 Or. |